| 000 | 00000nam##2200000za#4500 |
| 001 | 9.697682 |
| 003 | CaOODSP |
| 005 | 20250506145324 |
| 007 | cr ||||||||||| |
| 008 | 150407|1989||||xxc|||||o f|0| 0 eng|d |
| 040 | |aCaOODSP|beng |
| 043 | |an-cn--- |
| 086 | 1 |aA73-5249/1988E-PDF |
| 110 | 1 |aCanada.|bAgriculture Canada. |
| 245 | 10|aFarm Improvement and Marketing Cooperatives Loans Act |h[electronic resource] |
| 260 | |aOttawa - Ontario : |bAgriculture Canada |cc1988 (1989 reprinting). |
| 300 | |a10p. |
| 500 | |aHistorical publication digitized by Agriculture and Agri-Food Canada. "Helping Canada grow"--p.1 of 10. |
| 590 | |a13-17-Supp|b2013-07-25 |
| 690 | 07|aAgricultural assistance|2gcpds |
| 690 | 07|aAgricultural economics|2gcpds |
| 775 | 08|tLoi sur les prêts destinés aux améliorations agricoles et à la commercialisation selon la formule coopérative |w(CaOODSP)9.642241 |
| 856 | 40|ahttp://publications.gc.ca|qPDF|s350 KB|uhttps://publications.gc.ca/collections/collection_2013/aac-aafc/agrhist/A73-5249-1988-eng.pdf |
| 986 | |a5249/B |